000 00670nam a2200205 i 4500
001 22590
003 ES-MaACL
005 20251011063052.0
007 t|
008 021203s1982 sp |||| | spa d
080 _a94(460)"17/18"
100 1 _aÁlvarez de Morales, Antonio,
_d1942-
_9162384
245 1 0 _aHistoria de las instituciones españolas (siglos XVIII-XIX) /
_cAntonio Álvarez de Morales.
260 _a[Madrid] :
_bRevista de Derecho Privado,
_c[1982]
300 _a363 p. ;
_c21 cm.
651 4 _aEspaña-
_xHistoria-
_yS.XVIII.
_98359
651 7 _aEspaña-
_xHistoria-
_yS.XIX
_2
_9142005
852 _aES-MaACL
_jL-3426
999 _c22590
_d22590